[Event "18th Asia-ch (w)"]
[Site "Sharjah UAE"]
[Date "2014.04.22"]
[Round "6.8"]
[White "Derakhshani, Dorsa"]
[Black "Abdumalik, Zhansaya"]
[Result "1/2-1/2"]
[WhiteElo "2154"]
[BlackElo "2379"]
[EventDate "2014.04.17"]
[PlyCount "90"]

1.e4 e5 2.Nf3 Nc6 3.Nc3 Nf6 4.d4 exd4 5.Nxd4 Bb4 6.Nxc6 bxc6 7.Bd3 d5 8.
exd5 cxd5 9.O-O O-O 10.h3 c6 11.Qf3 Bd6 12.Bf4 Rb8 13.b3 Rb4 14.Ne2 Bxf4 
15.c3 Rb6 16.Qxf4 c5 17.Rfd1 Re8 18.Rd2 Bb7 19.Qg5 Qa8 20.Rad1 h6 21.Qh4 
Rbe6 22.f3 a5 23.Bb5 R8e7 24.Nf4 g5 25.Qg3 Re3 26.Bd3 Kh8 27.Re2 Rxd3 28.
Rxd3 gxf4 29.Qxf4 Rxe2 30.Qxf6+ Kg8 31.f4 Re6 32.Rg3+ Kf8 33.Qh8+ Ke7 34.
Rg8 Qa6 35.Rd8 Qb6 36.Qf8+ Kf6 37.Qxh6+ Kf5 38.Qh5+ Kxf4 39.Qf3+ Ke5 40.
Qe3+ Kf6 41.Qh6+ Kf5 42.Qh5+ Ke4 43.Qf3+ Ke5 44.Qe3+ Kf6 45.Qh6+ Ke5 
1/2-1/2

[Event "18th Asia-ch (w)"]
[Site "Sharjah UAE"]
[Date "2014.04.22"]
[Round "6.9"]
[White "Soumya, Swaminathan"]
[Black "Tokhiryanova, Khulkar"]
[Result "1-0"]
[WhiteElo "2336"]
[BlackElo "2126"]
[EventDate "2014.04.17"]
[PlyCount "111"]

1.e4 c5 2.Nf3 e6 3.d4 cxd4 4.Nxd4 Nc6 5.Nc3 Qc7 6.Be3 Nf6 7.Be2 Bb4 8.O-O 
a6 9.Na4 Bd6 10.g3 Nxe4 11.Nxc6 Qxc6 12.Nb6 Rb8 13.Bf3 f5 14.Bxe4 fxe4 15.
Qh5+ g6 16.Qh6 Be5 17.Bf4 Bxf4 18.Qxf4 Qxb6 19.Qxb8 O-O 20.Qe5 d6 21.Qxe4 
e5 22.Qd5+ Kg7 23.Rad1 Rf6 24.Rd3 Qxb2 25.Qb3 Qxb3 26.axb3 Bf5 27.Rd2 Kf7 
28.c4 Ke7 29.Re1 Be6 30.Re3 b6 31.Kg2 g5 32.f3 a5 33.Re4 h5 34.f4 gxf4 35.
gxf4 Bf5 36.Re3 e4 37.Kg3 Kd7 38.Kh4 Kc6 39.Kxh5 Rf8 40.Kg5 Bh7 41.Rd5 Bg8
42.Rf5 Rxf5+ 43.Kxf5 Bh7+ 44.Kf6 Kc5 45.Rh3 Bg8 46.Rh8 Bxc4 47.bxc4 e3 48.
Re8 Kd4 49.Kg5 a4 50.Kg4 a3 51.Kf3 Kxc4 52.Rxe3 Kb4 53.f5 d5 54.f6 d4 55.
Re1 d3 56.f7 1-0

[Event "18th Asia-ch (w)"]
[Site "Sharjah UAE"]
[Date "2014.04.22"]
[Round "6.10"]
[White "Nguyen Thi Mai Hung"]
[Black "Swathi, Ghate"]
[Result "1/2-1/2"]
[WhiteElo "2312"]
[BlackElo "2269"]
[EventDate "2014.04.17"]
[PlyCount "68"]

1.d4 Nf6 2.Nf3 d6 3.e3 g6 4.b3 Bg7 5.Bb2 Nbd7 6.c4 O-O 7.Be2 a5 8.Nc3 e5 
9.O-O exd4 10.exd4 d5 11.Re1 dxc4 12.bxc4 Nb6 13.h3 Bf5 14.Bf1 Re8 15.
Rxe8+ Nxe8 16.Bd3 Bxd3 17.Qxd3 c5 18.d5 Nd6 19.Nd1 Nbxc4 20.Bxg7 Kxg7 21.
Rc1 Nb6 22.Rxc5 Nd7 23.Rc1 Rc8 24.Rxc8 Qxc8 25.Qd4+ Kg8 26.Ne3 Qc1+ 27.Kh2
Qc5 28.Qh4 Qc7 29.g3 Nc5 30.Ng5 f6 31.Ne6 Nxe6 32.dxe6 Ne8 33.Qa4 Qc6 34.
Qxa5 Qxe6 1/2-1/2

[Event "18th Asia-ch (w)"]
[Site "Sharjah UAE"]
[Date "2014.04.22"]
[Round "6.11"]
[White "Assaubaeva, Bibissara"]
[Black "Gomes, Mary Ann"]
[Result "1/2-1/2"]
[WhiteElo "1891"]
[BlackElo "2386"]
[EventDate "2014.04.17"]
[PlyCount "130"]

1.e4 c5 2.Nf3 d6 3.d4 cxd4 4.Nxd4 Nf6 5.Nc3 a6 6.Be3 e5 7.Nb3 Be6 8.f3 
Nbd7 9.g4 Be7 10.g5 Nh5 11.Qd2 Nf4 12.Bxf4 exf4 13.h4 h6 14.Rg1 hxg5 15.
hxg5 Bxb3 16.axb3 Ne5 17.Be2 Bxg5 18.O-O-O Rh6 19.Rh1 Bh4 20.Kb1 g5 21.Qd5
Qc7 22.b4 Kf8 23.b5 a5 24.Qd4 Rc8 25.Qa4 b6 26.Rd2 Kg7 27.Nd5 Qb7 28.Rg1 
Rg6 29.Qd4 Rb8 30.Bd1 Bg3 31.Rdg2 Qd7 32.Be2 Bh4 33.c3 Qd8 34.Rh1 Kf8 35.
Rgh2 Rh6 36.Qd2 Kg7 37.Qd4 Rb7 38.Rg1 Kf8 39.Rgh1 Kg7 40.Rg1 Kf8 41.Rgh1 
Rb8 42.Qd2 Kg7 43.Qd4 Kf8 44.Nxf4 gxf4 45.Rxh4 Rxh4 46.Rxh4 Qxh4 47.Qxd6+ 
Kg7 48.Qxe5+ f6 49.Qc7+ Kg6 50.Qxb8 Qe1+ 51.Ka2 Qxe2 52.Qxf4 Qxb5 53.Qd2 
Qc4+ 54.b3 Qc5 55.f4 b5 56.f5+ Kh5 57.Qd4 Qc6 58.Kb2 Kg5 59.Kc2 a4 60.bxa4
bxa4 61.Kb2 Kf4 62.e5+ Kxf5 63.exf6 Qg2+ 64.Ka3 Qc2 65.Qxa4 Qxc3+ 1/2-1/2

[Event "18th Asia-ch (w)"]
[Site "Sharjah UAE"]
[Date "2014.04.22"]
[Round "6.13"]
[White "Bayar Anu"]
[Black "Khan, Nazrana"]
[Result "1-0"]
[WhiteElo "2002"]
[BlackElo "2027"]
[EventDate "2014.04.17"]
[PlyCount "97"]

1.d4 d5 2.c4 e6 3.Nc3 Nf6 4.cxd5 exd5 5.Bg5 Be7 6.Qc2 c6 7.e3 O-O 8.Bd3 
Nbd7 9.Nge2 Re8 10.O-O Nf8 11.f3 Nh5 12.Bxe7 Qxe7 13.e4 dxe4 14.fxe4 g6 
15.Rf2 Ne6 16.Raf1 Rf8 17.e5 f5 18.exf6 Rxf6 19.Rxf6 Nxf6 20.Bxg6 Ng4 21.
Bf7+ Kg7 22.Qd3 Ng5 23.Bb3 Be6 24.Bxe6 Qxe6 25.Nf4 Qe3+ 26.Qxe3 Nxe3 27.
Re1 Nf5 28.d5 cxd5 29.Ncxd5 Rf8 30.Kf2 Rf7 31.g4 Nd6 32.Kg2 Nge4 33.h4 b5 
34.Re2 a5 35.Kf3 Nc5 36.g5 Nd3 37.Kg4 Nxf4 38.Nxf4 Rb7 39.h5 b4 40.Rf2 Re7
41.h6+ Kg8 42.Rd2 Nf7 43.Rc2 Ne5+ 44.Kf5 Nd7 45.Rc8+ Kf7 46.g6+ hxg6+ 47.
Nxg6 Re1 48.h7 Rf1+ 49.Nf4 1-0

[Event "18th Asia-ch (w)"]
[Site "Sharjah UAE"]
[Date "2014.04.22"]
[Round "6.14"]
[White "Al-Najjar, Huda"]
[Black "Saleh, Nora Mohd"]
[Result "0-1"]
[WhiteElo "1845"]
[BlackElo "1901"]
[EventDate "2014.04.17"]
[PlyCount "103"]

1.e4 c5 2.Nf3 d6 3.c3 Nf6 4.Be2 g6 5.O-O Bg7 6.Re1 O-O 7.Bc4 Nfd7 8.d4 a6 
9.a4 Nc6 10.dxc5 Nxc5 11.b4 Nd7 12.Qb3 Nde5 13.Nxe5 Nxe5 14.Bf1 Be6 15.Qd1
Rc8 16.Be3 Bc4 17.Bd4 Bxf1 18.Rxf1 Qd7 19.Na3 Qe6 20.Nc2 Nc4 21.Bxg7 Kxg7 
22.Re1 Rc7 23.Nd4 Qe5 24.g3 Rfc8 25.f4 Qf6 26.e5 dxe5 27.fxe5 Nxe5 28.Qe2 
Nc6 29.Nxc6 Qxc6 30.Rec1 Qc4 31.Qe5+ Kg8 32.a5 Qd3 33.Ra3 e6 34.Qe1 Rc4 
35.Rd1 Qf3 36.Rd7 R4c7 37.Rxc7 Rxc7 38.Qd2 Rc8 39.Rb3 Kf8 40.b5 Ke7 41.
bxa6 Rd8 42.Qg5+ f6 43.Qc5+ Ke8 44.Qb5+ Kf8 45.Qc5+ Ke8 46.Rb1 bxa6 47.Rf1
Qb7 48.Qc4 Kf7 49.Re1 Rd6 50.Qc5 Rd2 51.Re4 Qb1+ 52.Re1 0-1

[Event "18th Asia-ch (w)"]
[Site "Sharjah UAE"]
[Date "2014.04.22"]
[Round "6.15"]
[White "Shyngys Kyzy, Aijarkyn"]
[Black "Xu Huahua"]
[Result "0-1"]
[WhiteElo "1768"]
[BlackElo "2110"]
[EventDate "2014.04.17"]
[PlyCount "108"]

1.e4 c5 2.Nf3 Nc6 3.Bb5 g6 4.O-O Bg7 5.c3 Nf6 6.Re1 O-O 7.h3 a6 8.Bf1 e5 
9.d4 cxd4 10.cxd4 exd4 11.Nxd4 d5 12.Nxc6 bxc6 13.exd5 cxd5 14.Be3 Ne4 15.
Bd4 Qg5 16.Bxg7 Kxg7 17.Qd4+ Kg8 18.Nc3 Nxc3 19.Qxc3 Be6 20.Re5 Qf6 21.
Rae1 a5 22.Qd4 Qg7 23.a4 Rfc8 24.Qd2 Qf8 25.Bb5 Qb4 26.Qe2 Qd6 27.Qd2 Qb4 
28.Qe2 Qd6 29.h4 Rc7 30.h5 Rac8 31.h6 Rc2 32.Qf3 Qf8 33.Qe3 d4 34.Qxd4 Rd8
35.Qf4 Rxb2 36.Qf6 Rbd2 37.Qg5 Rd1 38.Qf4 R1d4 39.R5e4 Rb4 40.g4 Bd5 41.
Rxb4 axb4 42.g5 f6 43.gxf6 b3 44.Rb1 Qd6 45.Qd4 Bf7 46.Qxd6 Rxd6 47.a5 Rd5
48.Bc4 Rg5+ 49.Kh2 Bxc4 50.a6 Ra5 51.Rc1 Bxa6 52.Rc7 b2 53.Rg7+ Kf8 54.
Rxh7 b1=Q 0-1

[Event "18th Asia-ch (w)"]
[Site "Sharjah UAE"]
[Date "2014.04.23"]
[Round "7.1"]
[White "Kharisma Sukandar, Irine"]
[Black "Hoang Thi Bao Tram"]
[Result "1-0"]
[WhiteElo "2319"]
[BlackElo "2280"]
[EventDate "2014.04.17"]
[PlyCount "41"]

1.e4 c6 2.d4 d5 3.Nc3 dxe4 4.Nxe4 Nd7 5.Bc4 e6 6.Nf3 Ngf6 7.Nxf6+ Nxf6 8.
O-O Be7 9.c3 O-O 10.Qe2 c5 11.Bg5 cxd4 12.Rad1 a6 13.Rxd4 Qc7 14.Ne5 b5 
15.Bd3 Bb7 16.Nd7 Qc6 17.Nxf6+ Bxf6 18.Be4 Qc5 19.Bxh7+ Kxh7 20.Qh5+ Kg8 
21.Rh4 1-0

[Event "18th Asia-ch (w)"]
[Site "Sharjah UAE"]
[Date "2014.04.23"]
[Round "7.2"]
[White "Pourkashiyan, Atousa"]
[Black "Gong Qianyun"]
[Result "1-0"]
[WhiteElo "2335"]
[BlackElo "2327"]
[EventDate "2014.04.17"]
[PlyCount "105"]

1.e4 e6 2.d4 d5 3.Nd2 h6 4.Bd3 c5 5.dxc5 Bxc5 6.Ngf3 Nf6 7.Qe2 O-O 8.O-O 
Nc6 9.e5 Nd7 10.c4 Re8 11.Nb3 Bf8 12.Bf4 Nb4 13.Bb1 Nb6 14.c5 Nc4 15.a3 
Nc6 16.Bd3 b5 17.a4 bxa4 18.Rxa4 Rb8 19.Bxc4 dxc4 20.Rd1 Qc7 21.Qxc4 Qb7 
22.Nbd2 Rd8 23.Rb1 Bd7 24.Ne4 Nb4 25.Ra3 Bc6 26.Nd6 Bxd6 27.exd6 Bd5 28.
Qe2 Be4 29.Re1 Bh7 30.Rc1 Qd5 31.Ne1 Nc6 32.Nf3 a5 33.h3 Rb4 34.Be5 Be4 
35.Bc3 Qxc5 36.Bd2 Qb5 37.Qe1 Rxb2 38.Qxe4 Rxd6 39.Be3 f5 40.Qh4 Rb1 41.
Ra1 Rxa1 42.Rxa1 e5 43.Qa4 Qd5 44.Rc1 Nb4 45.Qe8+ Kh7 46.Qxe5 Nd3 47.Qxd5 
Rxd5 48.Ra1 g5 49.Bb6 g4 50.hxg4 fxg4 51.Nh4 Rb5 52.Bxa5 Rb2 53.Be1 1-0

[Event "18th Asia-ch (w)"]
[Site "Sharjah UAE"]
[Date "2014.04.23"]
[Round "7.3"]
[White "Mongontuul, Batchujagijn"]
[Black "Khademalsharieh, Sarasadat"]
[Result "1/2-1/2"]
[WhiteElo "2432"]
[BlackElo "2292"]
[EventDate "2014.04.17"]
[PlyCount "121"]

1.e4 e5 2.Nf3 Nc6 3.Bb5 f5 4.d3 fxe4 5.dxe4 Nf6 6.Qd3 Bb4+ 7.c3 Bc5 8.O-O 
d6 9.b4 Bb6 10.a4 a6 11.Bc4 Qe7 12.Na3 Nd8 13.Nc2 Be6 14.Be3 Bxe3 15.Nxe3 
Bxc4 16.Qxc4 Qf7 17.Nd5 Ne6 18.Nh4 O-O 19.Nf5 Kh8 20.Nxf6 Qxf6 21.Rae1 Rf7
22.f3 Raf8 23.Kh1 Nf4 24.g3 Qe6 25.Qxe6 Nxe6 26.Kg2 g6 27.Nh6 Rd7 28.Rd1 
Kg7 29.Ng4 Rdf7 30.h4 h5 31.Ne3 Kg8 32.a5 Kg7 33.Rd3 Kg8 34.Rd2 Kg7 35.Nd5
Kg8 36.Rdf2 Kg7 37.Ne3 Kg8 38.Kh2 Kg7 39.Ng2 g5 40.Ne3 gxh4 41.Nf5+ Rxf5 
42.exf5 hxg3+ 43.Kxg3 Rxf5 44.Rb1 Rf4 45.Rh2 Kg6 46.Rh4 Rf5 47.b5 axb5 48.
Rxb5 Nc5 49.Rhb4 e4 50.fxe4 Nxe4+ 51.Kg2 Nc5 52.Rb2 c6 53.Rxb7 Nxb7 54.a6 
Nd8 55.Rb8 Ra5 56.Rxd8 Rxa6 57.Rxd6+ Kg5 58.c4 Kg4 59.Rd4+ Kf5 60.Rd6 Ke5 
61.c5 1/2-1/2

[Event "18th Asia-ch (w)"]
[Site "Sharjah UAE"]
[Date "2014.04.23"]
[Round "7.4"]
[White "Ni Shiqun"]
[Black "Tan Zhongyi"]
[Result "1/2-1/2"]
[WhiteElo "2325"]
[BlackElo "2488"]
[EventDate "2014.04.17"]
[PlyCount "99"]

1.e4 c5 2.Nf3 Nc6 3.Bb5 Nf6 4.Bxc6 dxc6 5.d3 Bg4 6.h3 Bh5 7.Qe2 Qc7 8.Nbd2
Nd7 9.e5 e6 10.b3 O-O-O 11.g4 Bg6 12.Bb2 Qa5 13.a4 c4 14.bxc4 h5 15.O-O 
hxg4 16.hxg4 f5 17.g5 Rh5 18.Nb3 Qc7 19.Bc1 Be7 20.Bf4 Rdh8 21.Kg2 Qd8 22.
Qe3 Kb8 23.Rh1 c5 24.a5 Qc7 25.Rxh5 Bxh5 26.Nfd2 Nf8 27.d4 cxd4 28.Qxd4 
Ng6 29.Be3 Qc6+ 30.Kg3 f4+ 31.Bxf4 Bg4 32.f3 Rh3+ 33.Kxg4 Rh4+ 34.Kg3 Rxf4
35.Ne4 Qc7 36.Nbc5 Bxc5 37.Qxc5 Rf5 38.Qxc7+ Kxc7 39.Rh1 Nxe5 40.f4 Ng6 
41.Rh7 Rf7 42.Nf6 Ne7 43.Kf3 Kc6 44.Ke4 Nf5 45.Nh5 Kd6 46.Rh8 Rc7 47.Kd3 
Rd7 48.Kc3 Ke7 49.g6 Rd8 50.Rh7 1/2-1/2

[Event "18th Asia-ch (w)"]
[Site "Sharjah UAE"]
[Date "2014.04.23"]
[Round "7.5"]
[White "Hoang Thi Nhu Y"]
[Black "Tania, Sachdev"]
[Result "1/2-1/2"]
[WhiteElo "2207"]
[BlackElo "2427"]
[EventDate "2014.04.17"]
[PlyCount "82"]

1.d4 Nf6 2.c4 e6 3.Nc3 Bb4 4.Qc2 d5 5.cxd5 exd5 6.Bg5 h6 7.Bxf6 Qxf6 8.a3 
Bxc3+ 9.Qxc3 O-O 10.Nf3 Bf5 11.e3 c6 12.Bd3 Nd7 13.Bxf5 Qxf5 14.O-O Nf6 
15.Nd2 Rfe8 16.Rac1 a5 17.b4 axb4 18.Qxb4 Ra7 19.Rc3 Rea8 20.h3 Qc8 21.Rb1
Ne8 22.Nf3 Qe6 23.a4 Nd6 24.Ra3 b5 25.Rba1 Nc4 26.R3a2 Nb6 27.a5 Na4 28.
Nd2 Rxa5 29.Nb1 Qe4 30.Nd2 Qe6 31.Nb1 Qg6 32.Nd2 R5a7 33.Nb3 Ra6 34.Ra3 
Qe6 35.Nc1 Qc8 36.Nd3 Qf8 37.Qxf8+ Kxf8 38.Nb4 Rb6 39.Rc1 Rd8 40.Rxc6 Rxc6
41.Nxc6 Rc8 1/2-1/2

[Event "18th Asia-ch (w)"]
[Site "Sharjah UAE"]
[Date "2014.04.23"]
[Round "7.6"]
[White "Karavade, Eesha"]
[Black "Soumya, Swaminathan"]
[Result "1-0"]
[WhiteElo "2414"]
[BlackElo "2336"]
[EventDate "2014.04.17"]
[PlyCount "65"]

1.c4 c6 2.Nf3 d5 3.e3 Nf6 4.Nc3 e6 5.d4 Nbd7 6.Qc2 Bd6 7.g4 dxc4 8.Bxc4 e5
9.g5 Nd5 10.Ne4 Bc7 11.Bd2 O-O 12.O-O-O exd4 13.Nxd4 Ne5 14.Be2 Qe7 15.
Rhg1 Re8 16.Kb1 Bb6 17.Ng3 g6 18.h4 Bd7 19.h5 a5 20.a3 a4 21.Ka1 Rac8 22.
Bc1 Bc5 23.hxg6 fxg6 24.e4 Nc7 25.Be3 Ne6 26.Ndf5 gxf5 27.Nxf5 Qf8 28.Qc3 
Bxe3 29.Qxe5 Ng7 30.Qxg7+ Qxg7 31.Nxg7 Red8 32.Nh5 Bxf2 33.Rg2 1-0

[Event "18th Asia-ch (w)"]
[Site "Sharjah UAE"]
[Date "2014.04.23"]
[Round "7.7"]
[White "Pham Le Thao Nguyen"]
[Black "Nguyen Thi Thanh An"]
[Result "1/2-1/2"]
[WhiteElo "2332"]
[BlackElo "2237"]
[EventDate "2014.04.17"]
[PlyCount "44"]

1.Nf3 Nf6 2.g3 b6 3.Bg2 Bb7 4.c4 g6 5.O-O Bg7 6.d4 O-O 7.Nc3 Ne4 8.Nxe4 
Bxe4 9.Be3 c5 10.Qd2 d6 11.Bh6 Nd7 12.Bxg7 Kxg7 13.b3 Nf6 14.Rad1 Qc7 15.
Nh4 Bxg2 16.Nxg2 Rac8 17.Qb2 Qb7 18.Ne3 Kg8 19.a4 Rfd8 20.Rd3 Qe4 21.Rfd1 
Qe6 22.Ng2 Re8 1/2-1/2

[Event "18th Asia-ch (w)"]
[Site "Sharjah UAE"]
[Date "2014.04.23"]
[Round "7.8"]
[White "Abdumalik, Zhansaya"]
[Black "Bayar Anu"]
[Result "1-0"]
[WhiteElo "2379"]
[BlackElo "2002"]
[EventDate "2014.04.17"]
[PlyCount "43"]

1.e4 e5 2.Nf3 Nc6 3.Bb5 a6 4.Ba4 Nf6 5.O-O Nxe4 6.d4 b5 7.Bb3 d5 8.dxe5 
Be6 9.c3 g6 10.a4 b4 11.a5 Bg7 12.Ba4 O-O 13.Bxc6 Rb8 14.c4 Nc5 15.cxd5 
Bf5 16.Bg5 f6 17.Be3 Nd3 18.e6 Nxb2 19.Qb3 Nd3 20.e7 Qxe7 21.d6+ Qf7 22.
Bd5 1-0

[Event "18th Asia-ch (w)"]
[Site "Sharjah UAE"]
[Date "2014.04.23"]
[Round "7.9"]
[White "Saleh, Nora Mohd"]
[Black "Nguyen Thi Mai Hung"]
[Result "0-1"]
[WhiteElo "1901"]
[BlackElo "2312"]
[EventDate "2014.04.17"]
[PlyCount "108"]

1.d4 d5 2.Nf3 Nf6 3.e3 Bg4 4.c4 c6 5.Qb3 Qb6 6.Ne5 Bf5 7.c5 Qc7 8.Be2 Nbd7
9.f4 e6 10.Qa4 Be7 11.Nc3 Ne4 12.a3 O-O 13.O-O Nxe5 14.fxe5 f6 15.exf6 
Rxf6 16.Nxe4 Bxe4 17.Rxf6 Bxf6 18.Bd2 e5 19.Rf1 a6 20.Be1 Qe7 21.Qd1 Re8 
22.Bg3 g6 23.Bf3 exd4 24.exd4 Qg7 25.Bf2 Bxf3 26.gxf3 h5 27.Qd3 Kh7 28.Kh1
Re6 29.Rg1 Qf7 30.b4 Bg7 31.Rg5 Kg8 32.Rg3 Bh6 33.Kg2 Bf4 34.h4 Bxg3 35.
Bxg3 Qe7 36.Kh3 Kh7 37.Be5 Rxe5 38.dxe5 Qxe5 39.Kg2 Qf4 40.Kh3 Kg7 41.Qe2 
Kf7 42.Qf2 d4 43.Kg2 Kg7 44.Qe1 Kf7 45.Qf2 Qe5 46.Qd2 Qe3 47.Qa2+ Kf8 48.
Qf2 Qxf2+ 49.Kxf2 Kf7 50.Ke2 Ke6 51.Kd3 Kd5 52.f4 a5 53.bxa5 Kxc5 54.a4 
Kd5 0-1

[Event "18th Asia-ch (w)"]
[Site "Sharjah UAE"]
[Date "2014.04.23"]
[Round "7.10"]
[White "Gu Tianlu"]
[Black "Derakhshani, Dorsa"]
[Result "1-0"]
[WhiteElo "2162"]
[BlackElo "2154"]
[EventDate "2014.04.17"]
[PlyCount "57"]

1.e4 e5 2.Nc3 Nc6 3.g3 Bc5 4.Bg2 a6 5.Nge2 d6 6.O-O Bg4 7.h3 Be6 8.d3 Qf6 
9.Kh2 g5 10.Nd5 Bxd5 11.exd5 Nce7 12.Nc3 Qg6 13.Ne4 h6 14.Nxc5 dxc5 15.b4 
cxb4 16.a3 Qd6 17.axb4 Nxd5 18.Ba3 c6 19.b5 Qe6 20.bxc6 bxc6 21.Re1 Rd8 
22.d4 f6 23.dxe5 f5 24.Qh5+ Qf7 25.Qe2 h5 26.Qxa6 Rh6 27.Bd6 Nge7 28.c4 
Nc3 29.Bxc6+ 1-0

[Event "18th Asia-ch (w)"]
[Site "Sharjah UAE"]
[Date "2014.04.23"]
[Round "7.11"]
[White "Fuad Kamel Jamaliah, Natalie"]
[Black "Gomes, Mary Ann"]
[Result "0-1"]
[WhiteElo "2015"]
[BlackElo "2386"]
[EventDate "2014.04.17"]
[PlyCount "83"]

1.e4 c5 2.Nf3 d6 3.d4 cxd4 4.Nxd4 Nf6 5.Nc3 a6 6.Be2 e5 7.Nb3 Be7 8.O-O 
O-O 9.f4 exf4 10.Bxf4 Nc6 11.Qe1 Be6 12.Rd1 Ne8 13.Qg3 Bh4 14.Qe3 Bf6 15.
Kh1 Rc8 16.Rd2 Be5 17.Rfd1 Qf6 18.Bxe5 Qxe5 19.Nd4 Nxd4 20.Qxd4 Nf6 21.h3 
Rxc3 22.bxc3 Nxe4 23.Bf3 Nxd2 24.Qxd2 Bxa2 25.Bxb7 a5 26.Qxd6 Qxc3 27.Be4 
g6 28.Kh2 Be6 29.Qd4 Rc8 30.Qxc3 Rxc3 31.Ra1 Rc5 32.Kg1 f5 33.Bd3 Kf7 34.
Kf2 Kf6 35.Ke3 Ke5 36.Kd2 Kf4 37.Re1 Bd5 38.Re7 h5 39.Bf1 g5 40.Re3 Rxc2+ 
41.Kd3 Rc3+ 42.Kd4 0-1

[Event "18th Asia-ch (w)"]
[Site "Sharjah UAE"]
[Date "2014.04.23"]
[Round "7.12"]
[White "Swathi, Ghate"]
[Black "Assaubaeva, Bibissara"]
[Result "1-0"]
[WhiteElo "2269"]
[BlackElo "1891"]
[EventDate "2014.04.17"]
[PlyCount "85"]

1.e4 c5 2.Nf3 d6 3.d4 cxd4 4.Nxd4 Nf6 5.Nc3 g6 6.Be3 Bg7 7.Be2 O-O 8.O-O 
Nc6 9.Kh1 Bd7 10.f4 Nxd4 11.Bxd4 Bc6 12.Bf3 Qa5 13.Qe1 Qb4 14.Rd1 Rfe8 15.
e5 Nd7 16.Bxc6 bxc6 17.e6 Nf6 18.f5 gxf5 19.Rxf5 Qc4 20.Qg3 Kh8 21.exf7 
Qxf7 22.Qf3 d5 23.Rf1 Qg6 24.Na4 Rg8 25.Nc5 Ng4 26.Bxg7+ Qxg7 27.Rf7 Qh6 
28.h3 Ne3 29.Rf2 Ng4 30.Re2 e5 31.Kg1 Qc1+ 32.Qf1 Qxf1+ 33.Rxf1 Nh6 34.
Rxe5 Rab8 35.b3 Rg3 36.Re6 Rbg8 37.Rxh6 Rxg2+ 38.Kh1 Rxc2 39.Nd3 Rgg2 40.
Nf4 Rgd2 41.Rf6 d4 42.Re1 Rh2+ 43.Kg1 1-0

[Event "18th Asia-ch (w)"]
[Site "Sharjah UAE"]
[Date "2014.04.23"]
[Round "7.13"]
[White "Tokhiryanova, Khulkar"]
[Black "Xu Huahua"]
[Result "0-1"]
[WhiteElo "2126"]
[BlackElo "2110"]
[EventDate "2014.04.17"]
[PlyCount "80"]

1.e4 c5 2.Nf3 Nc6 3.d4 cxd4 4.Nxd4 g6 5.c4 Nf6 6.Nc3 Nxd4 7.Qxd4 d6 8.Be3 
Bg7 9.Be2 O-O 10.Qd2 a5 11.O-O a4 12.Rac1 Bd7 13.Kh1 Qa5 14.f3 Be6 15.f4 
Rfc8 16.b3 axb3 17.axb3 Qb4 18.f5 Bd7 19.fxg6 hxg6 20.e5 dxe5 21.Rxf6 exf6
22.Qxd7 Qxb3 23.Qb5 Ra3 24.Qxb3 Rxb3 25.Nd5 Rd8 26.Bc5 Ra8 27.Bf3 f5 28.
Ne7+ Kh7 29.Bd5 Bh6 30.Re1 Kg7 31.Bd6 f6 32.c5 Rb2 33.Kg1 Bd2 34.Rd1 Be3+ 
35.Kh1 Ra5 36.c6 bxc6 37.Bxc6 Rd2 38.Rb1 Rxd6 39.g3 Rd2 40.Nd5 Raxd5 0-1

[Event "18th Asia-ch (w)"]
[Site "Sharjah UAE"]
[Date "2014.04.23"]
[Round "7.15"]
[White "Dahdal, Lougain"]
[Black "Al-Najjar, Huda"]
[Result "1-0"]
[WhiteElo "2003"]
[BlackElo "1845"]
[EventDate "2014.04.17"]
[PlyCount "125"]

1.d4 d5 2.c4 e6 3.Nc3 Nf6 4.Bg5 Nbd7 5.cxd5 exd5 6.e3 c6 7.Bd3 Be7 8.Nf3 
O-O 9.Qc2 g6 10.h4 Re8 11.O-O-O Nf8 12.Ne5 Ne6 13.f4 Ng7 14.h5 Nfxh5 15.
Bxe7 Qxe7 16.g4 Nf6 17.Qh2 h5 18.gxh5 Ng4 19.Nxg4 Bxg4 20.hxg6 Qxe3+ 21.
Kb1 Nh5 22.gxf7+ Kxf7 23.Rd2 Rh8 24.Qf2 Qxf2 25.Rxf2 Nf6 26.Re1 Rh3 27.Kc2
Rah8 28.Na4 Ne4 29.Bxe4 dxe4 30.Nc5 e3 31.Rg2 Rh2 32.Rxh2 Rxh2+ 33.Kc3 e2 
34.Nd3 Kf6 35.Kd2 Kf5 36.Rg1 Bf3 37.Rg3 Be4 38.Rg5+ Kf6 39.Nc5 Bd5 40.Nxb7
Bxa2 41.Re5 Bc4 42.Nd6 Ba6 43.Ne4+ Kf7 44.Nc3 e1=Q+ 45.Kxe1 Rxb2 46.Ra5 
Rb3 47.Kd2 Bc4 48.Rxa7+ Ke6 49.Kc2 Kf5 50.Ra5+ Kxf4 51.Rc5 Rxc3+ 52.Kxc3 
Bd5 53.Ra5 Ke4 54.Ra1 Kf5 55.Re1 Kf6 56.Kb4 Bg2 57.Kc5 Kf7 58.Kd6 Bd5 59.
Re7+ Kf6 60.Rc7 Kf5 61.Rxc6 Ke4 62.Rc1 Bb3 63.Kc5 1-0

[Event "18th Asia-ch (w)"]
[Site "Sharjah UAE"]
[Date "2014.04.24"]
[Round "8.1"]
[White "Gong Qianyun"]
[Black "Kharisma Sukandar, Irine"]
[Result "1/2-1/2"]
[WhiteElo "2327"]
[BlackElo "2319"]
[EventDate "2014.04.17"]
[PlyCount "74"]

1.d4 Nf6 2.Bg5 Ne4 3.Bf4 d5 4.e3 c5 5.Bd3 Nf6 6.c3 Qb6 7.Qc1 Nc6 8.Nd2 Nh5
9.Ne2 Bg4 10.Bg5 h6 11.Bh4 e5 12.f3 Be6 13.Bf2 exd4 14.exd4 c4 15.Bc2 Bd6 
16.O-O Qc7 17.g3 O-O 18.Re1 Qd7 19.Nf1 Bf5 20.Ne3 Bxc2 21.Qxc2 f5 22.Nxd5 
Qf7 23.Ne3 Qd7 24.Nd5 Qf7 25.Ndf4 Nxf4 26.Nxf4 Bxf4 27.gxf4 Qd5 28.Re3 
Rae8 29.Rae1 Kf7 30.Kg2 Rxe3 31.Rxe3 Re8 32.b3 Rxe3 33.Bxe3 Na5 34.b4 Nc6 
35.b5 Nxd4 36.Kf2 Kf6 37.Bd2 Qe6 1/2-1/2

[Event "18th Asia-ch (w)"]
[Site "Sharjah UAE"]
[Date "2014.04.24"]
[Round "8.2"]
[White "Khademalsharieh, Sarasadat"]
[Black "Pourkashiyan, Atousa"]
[Result "1-0"]
[WhiteElo "2292"]
[BlackElo "2335"]
[EventDate "2014.04.17"]
[PlyCount "47"]

1.Nf3 Nf6 2.c4 e6 3.g3 d5 4.Bg2 dxc4 5.Qa4+ Nbd7 6.Qxc4 a6 7.Qb3 c5 8.a4 
Nd5 9.a5 Be7 10.d3 O-O 11.Nc3 Nb4 12.O-O Nb8 13.Ne5 Qc7 14.Nc4 N8c6 15.Be3
Bd7 16.Ne4 Nd4 17.Bxd4 cxd4 18.Nb6 Rad8 19.Rfc1 Bc6 20.Rc4 Nd5 21.Rxd4 
Nxb6 22.axb6 Qe5 23.Rxd8 Bxd8 24.e3 1-0

[Event "18th Asia-ch (w)"]
[Site "Sharjah UAE"]
[Date "2014.04.24"]
[Round "8.3"]
[White "Hoang Thi Bao Tram"]
[Black "Karavade, Eesha"]
[Result "1/2-1/2"]
[WhiteElo "2280"]
[BlackElo "2414"]
[EventDate "2014.04.17"]
[PlyCount "53"]

1.Nf3 d5 2.c4 d4 3.e3 c5 4.exd4 cxd4 5.d3 Nc6 6.g3 g6 7.Bg2 Bg7 8.O-O Nf6 
9.Qa4 Nd7 10.b4 a5 11.Bd2 axb4 12.Qc2 Nc5 13.Ne1 Qb6 14.Qb2 Bf5 15.Bxc6+ 
Qxc6 16.Bxb4 Bxd3 17.Bxc5 Bxf1 18.Bxd4 e5 19.Bxe5 f6 20.Bd4 Bxc4 21.Nd2 
Bf7 22.Rc1 Qe6 23.Bc5 Rxa2 24.Qxb7 Qd7 25.Qb8+ Qd8 26.Qb5+ Qd7 27.Qb8+ 
1/2-1/2

[Event "18th Asia-ch (w)"]
[Site "Sharjah UAE"]
[Date "2014.04.24"]
[Round "8.4"]
[White "Tan Zhongyi"]
[Black "Gu Tianlu"]
[Result "1-0"]
[WhiteElo "2488"]
[BlackElo "2162"]
[EventDate "2014.04.17"]
[PlyCount "63"]

1.d4 d5 2.Nf3 Bf5 3.c4 c6 4.Qb3 Qb6 5.cxd5 Bxb1 6.Qxb6 axb6 7.Rxb1 Rxa2 8.
Bf4 Nd7 9.e3 Ngf6 10.dxc6 bxc6 11.Bc4 Ra8 12.O-O b5 13.Ra1 Rc8 14.Be2 Nd5 
15.Rfc1 Kd8 16.Ng5 Nxf4 17.exf4 Ke8 18.Bxb5 f6 19.Rxc6 Rb8 20.Rb6 Rc8 21.
Rb7 fxg5 22.Bxd7+ Kd8 23.Bxc8 Kxc8 24.Rxe7 Bxe7 25.Ra8+ Kd7 26.Rxh8 gxf4 
27.Rxh7 Bf6 28.b3 Bxd4 29.g3 fxg3 30.hxg3 Kd6 31.Kg2 Kc5 32.Rh5+ 1-0

[Event "18th Asia-ch (w)"]
[Site "Sharjah UAE"]
[Date "2014.04.24"]
[Round "8.5"]
[White "Nguyen Thi Thanh An"]
[Black "Mongontuul, Batchujagijn"]
[Result "1/2-1/2"]
[WhiteElo "2237"]
[BlackElo "2432"]
[EventDate "2014.04.17"]
[PlyCount "60"]

1.d4 d5 2.c4 c6 3.e3 Nf6 4.Nc3 Bg4 5.Qb3 Qb6 6.Qxb6 axb6 7.cxd5 Nxd5 8.
Nxd5 cxd5 9.Bd2 Nc6 10.Nf3 f6 11.Bb5 e6 12.O-O Bd6 13.Rfc1 Kd7 14.Bc3 Rhc8
15.Nd2 Kd8 16.a3 Bf5 17.f3 Bg6 18.Nb3 Rc7 19.Bd2 Rac8 20.Bf1 Ne7 21.Rxc7 
Rxc7 22.Rc1 Nc8 23.Rxc7 Bxc7 24.Bb4 Nd6 25.Nd2 Bc2 26.Kf2 h5 27.g3 Nf5 28.
Be2 g5 29.Bc3 Ke7 30.Bb4+ Kf7 1/2-1/2

[Event "18th Asia-ch (w)"]
[Site "Sharjah UAE"]
[Date "2014.04.24"]
[Round "8.6"]
[White "Tania, Sachdev"]
[Black "Ni Shiqun"]
[Result "1/2-1/2"]
[WhiteElo "2427"]
[BlackElo "2325"]
[EventDate "2014.04.17"]
[PlyCount "44"]

1.d4 Nf6 2.c4 g6 3.f3 d5 4.cxd5 Nxd5 5.e4 Nb6 6.Nc3 Bg7 7.Be3 O-O 8.Qd2 
Nc6 9.O-O-O Qd6 10.Bh6 Bxh6 11.Qxh6 Nxd4 12.f4 f6 13.Nf3 e5 14.h4 Bg4 15.
Rd3 Qe7 16.fxe5 fxe5 17.Nxd4 exd4 18.Rxd4 Rad8 19.Rxd8 Qxd8 20.Qe3 Qf6 21.
Be2 Bxe2 22.Qxe2 Qf2 1/2-1/2

[Event "18th Asia-ch (w)"]
[Site "Sharjah UAE"]
[Date "2014.04.24"]
[Round "8.7"]
[White "Hoang Thi Nhu Y"]
[Black "Abdumalik, Zhansaya"]
[Result "1/2-1/2"]
[WhiteElo "2207"]
[BlackElo "2379"]
[EventDate "2014.04.17"]
[PlyCount "128"]

1.d4 Nf6 2.c4 g6 3.Nc3 d5 4.Bg5 Bg7 5.Bxf6 Bxf6 6.cxd5 c5 7.dxc6 Bxd4 8.
Qb3 Nxc6 9.e3 Bg7 10.Bb5 O-O 11.Nf3 Be6 12.Qa3 Qb6 13.Bxc6 bxc6 14.O-O 
Rab8 15.Nd1 c5 16.Rc1 Rfc8 17.Ng5 Bf5 18.e4 Bg4 19.Nf3 a5 20.Rc2 Qb4 21.
Qe3 Be6 22.a3 Qb6 23.e5 Bf5 24.Rc3 f6 25.h3 Rc6 26.exf6 exf6 27.Qc1 Rcc8 
28.Nd2 Be6 29.Nc4 Qa6 30.Re1 Bf7 31.Qf4 Rd8 32.Nde3 Rbc8 33.Rd1 Rxd1+ 34.
Nxd1 Rd8 35.Nde3 a4 36.Qc7 Rc8 37.Qb6 Qa8 38.Nd6 Rc6 39.Qb7 Qxb7 40.Nxb7 
f5 41.Rxc5 Rxc5 42.Nxc5 Bxb2 43.Nxa4 Bxa3 44.Nc3 Bd6 45.Ned5 Kg7 46.g3 Be8
47.h4 Bc6 48.Nf4 Kf6 49.Kf1 Ke5 50.Nh3 Bc5 51.Ng5 h6 52.Nh3 Bb4 53.Nd1 Kf6
54.Ne3 g5 55.hxg5+ hxg5 56.Ke2 Be7 57.Kd3 Ke6 58.Ke2 Bb5+ 59.Kd2 Bf6 60.f4
g4 61.Ng5+ Bxg5 62.fxg5 Bc6 63.g6 Bd7 64.Ng2 Kf6 1/2-1/2